Конференцията в Женева по приложение на атомната енергия за мирни цели : (Запис номер 442999)
[ съкратено ]
| 000 -Лидер | |
|---|---|
| Контролно поле с фиксирана дължина | nam a22 a 4500 |
| 003 - Код на организацията, давaща контролен номер | |
| Контролно поле | BLK |
| 005 - Дата и час на последна редакция | |
| Контролно поле | 20221208031154.0 |
| 008 - Елементи от данни с фиксирана дължина | |
| fixed length control field | 210331b bu |||||r|||| 00| | bu d |
| 040 ## - Източник на каталожния запис | |
| Идентификатор на билиотеката - собственик на записа | BLK |
| 041 ## - Код за език | |
| Код за езика на текст/звукозапис или на отделно заглавие | Български |
| Код за езика КДБФ | Български |
| 080 ## - УДК | |
| Текстов определител УДК | Ликвидиране на войните. Ограничаване на въоръжаването. Разоръжаване |
| УДК код - определител по УДК | 355.019 |
| УДК - код + определител | 355.019 |
| 100 ## - Редна дума - Автор | |
| R(LIN) | 324549 |
| Автор | Калицин, Никола Стилиянов |
| Авторска отговорност | първи автор |
| 139 ## - Редно поле | |
| Редна дума | Калицин, Никола Стилиянов и др. |
| 245 ## - Сведения за заглавието | |
| Заглавие | Конференцията в Женева по приложение на атомната енергия за мирни цели : |
| Редно поле (дума) | Никола Стилиянов Калицин, Добрина Калицин |
| Подзаглавни данни | Авг. 1955 |
| 260 ## - Област на издателските данни | |
| 9 (RLIN) | 216848 |
| Място на издаване, разпространение и проч. | София |
| Име на издателя, разпространителя и проч. | НС ОФ |
| Година на издаване | 1956 |
| Издателство - префикс ISBN | 954-8053- |
| 300 ## - Физическа характеристика | |
| Страници | 80 с. |
| Илюстрации и др. | с ил |
| Размери/Мащаб | 20 см |
| 380 ## - Жанр | |
| Жанр | Обществени науки |
| 490 ## - СЕРИИ (Колекции) | |
| 9 (RLIN) | 204984 |
| Име на серия | Библиотека на лектора |
| №: серия | 8-9 |
| 504 ## - Забележка за наличие на библиография и др | |
| Забележка за наличие на библиография и под. | Библогр. с. 77 |
| 650 #7 - Допълнително описание по предмет – тема | |
| 9 (RLIN) | 168849 |
| Основно описание – тема или топоним | Разоръжаване |
| 653 #7 - Ключова дума – ненормативна | |
| 9 (RLIN) | 182262 |
| Ключова дума | борба за мир |
| 653 #7 - Ключова дума – ненормативна | |
| 9 (RLIN) | 190793 |
| Ключова дума | международни конференции |
| 700 ## - Други автори (авторска отговорност) | |
| Лично име | Калицин, Добрина |
| Автороска отговорност (Описва отношението между автора и произведението) | съавт. |
| 9 (RLIN) | 1445 |
| 852 ## - Местоположение | |
| Форматна сигнатура | Цб 3195 |
| Фондова буква | Основен фонд - ползва се само за читалня |
| 999 ## - СИСТЕМНИ КОНТРОЛНИ НОМЕРА | |
| Koha biblionumber | 442999 |
| Koha biblioitemnumber | 442999 |
| 942 ## - АРТИКУЛИ | |
| Вид на библиотечния материал | Книги |
| Скрит в OPAC | Не |
| Периодичен библиозапис | Да |
| 944 ## - СЪЗДАВАНЕ И РЕДАКЦИЯ на ЗАПИСА | |
| Създаване/Редакция | Създаване |
| Дата на регистрацията/редакция | 2022-02-02 |
| Служител, извършил регистрацията/редакцията | К.Д. |
| Код за отписване | Код за изгубен артикул | Източник на класификационната схема | Код за повреда | Коз за рестрикции | Код за отдаване | Артикулен № | Име на библиотеката - собственик | Име на библиотеката, в която се намира в момента | Статус (Текущо местоположение) | Дата на вписване в системата | Местоположение - отдел | Цена в лева | Инвентарен номер | Систематично азбучна сигнатура | Баркод | Цена в евро | Служебен тип на артикула |
|---|---|---|---|---|---|---|---|---|---|---|---|---|---|---|---|---|---|
| Не е изгубен | Universal Decimal Classification | Не е повреден | само за читалня | ползва се в читалня | 869411 | Регионална библиотека "Любен Каравелов" Русе | Регионална библиотека "Любен Каравелов" Русе | Хранилище | 2022-02-03 | Основен фонд - ползва се само за читалня | 0.30 | 5777/56 | Цб 3195 | 900000050863 | 0.15 | Книги |